Statistics for All NFL Team's Starting Running Back on 2023 Season Start

Click here to take the quiz!

General Stats

  • This quiz has been taken 187 times
  • The average score is 25 of 32

Answer Stats

HintAnswer% Correct
Cleveland BrownsNick Chubb
89%
Atlanta FalconsBijan Robinson
88%
Buffalo BillsJames Cook
88%
Cincinnati BengalsJoe Mixon
88%
Dallas CowboysTony Pollard
88%
Green Bay PackersAaron Jones
84%
Tennessee TitansDerrick Henry
84%
Las Vegas RaidersJosh Jacobs
84%
New York GiantsSaquon Barkley
84%
San Francisco 49ersChristian McCaffrey
83%
Kansas City ChiefsIsiah Pacheco
83%
Washington CommandersBrian Robinson
82%
Indianapolis ColtsJonathan Taylor
82%
Miami DolphinsRaheem Mostert
82%
Arizona CardinalsJames Conner
81%
New Orleans SaintsAlvin Kamara
80%
Philadelphia EaglesD'Andre Swift
80%
Detroit LionsJahmyr Gibbs
80%
Los Angeles ChargersAustin Ekeler
79%
Jacksonville JaguarsTravis Etienne
77%
New York JetsBreece Hall
73%
Pittsburgh SteelersNajee Harris
73%
Denver BroncosJavonte Williams
72%
Baltimore RavensJ.K. Dobbins
71%
Seattle SeahawksKenneth Walker III
71%
Carolina PanthersMiles Sanders
71%
Tampa Bay BuccaneersRachaad White
64%
New England PatriotsRhamondre Stevenson
61%
Minnesota VikingsAlexander Mattison
60%
Los Angeles RamsCam Akers
59%
Houston TexansDameon Pierce
59%
Chicago BearsKhalil Herbert
55%

Score Distribution

Percentile by Number Answered

Percent of People with Each Score

Your Score History

You have not taken this quiz